书目信息 |
| 题名: |
在最美诗经里邂逅最美的爱情
|
|
| 作者: | 李安安 著 | |
| 分册: | ||
| 出版信息: | 上海 文汇出版社 2016 |
|
| 页数: | 272页 | |
| 开本: | 24cm | |
| 丛书名: | ||
| 单 册: | ||
| 中图分类: | I207.222 | |
| 科图分类: | ||
| 主题词: | ||
| 电子资源: | ||
| ISBN: | 978-7-5496-1795-1 | |
| 000 | 00775nam0 22002291 450 | |
| 001 | 1730263013 | |
| 005 | 20170525101433.0 | |
| 010 | @a978-7-5496-1795-1@dCNY32.00 | |
| 100 | @a20161117d2016 em y0chiy50 ea | |
| 101 | 0 | @achi |
| 102 | @aCN@b310000 | |
| 105 | @ay z 000gy | |
| 106 | @ar | |
| 200 | 1 | @a在最美诗经里邂逅最美的爱情@Azai zui mei shi jing li xie hou zui mei de ai qing@f李安安著 |
| 210 | @a上海@c文汇出版社@d2016 | |
| 215 | @a272页@d24cm | |
| 330 | @a本书为诗经中描写爱情的诗歌的集合,旨在通过欣赏《诗经》中的爱情纯真之美,找回真爱的本质,张扬人性的光辉。 | |
| 605 | @a《诗经》@Ashi jing@x诗歌欣赏 | |
| 690 | @aI207.222@v5 | |
| 701 | 0 | @a李安安@Ali an an@c(女,图书编辑)@4著 |
| 801 | 0 | @aCN@bTANG WEI@c20170522 |
| 905 | @b0968098-102@dI207.222@e1019@f5 | |
| 在最美诗经里邂逅最美的爱情/李安安著.-上海:文汇出版社,2016 |
| 272页;24cm |
| ISBN 978-7-5496-1795-1:CNY32.00 |
| 本书为诗经中描写爱情的诗歌的集合,旨在通过欣赏《诗经》中的爱情纯真之美,找回真爱的本质,张扬人性的光辉。 |
| ● |
| 相关链接 |
|
|
|
|
正题名:在最美诗经里邂逅最美的爱情
索取号:I207.222/1019
 
预约/预借
| 序号 | 登录号 | 条形码 | 馆藏地/架位号 | 状态 | 备注 |
| 1 | 0968098 | 209680987 | 第一样本阅览室/ [索取号:I207.222/1019] | 在馆 | |
| 2 | 0968099 | 209680996 | 第二借阅区/ [索取号:I207.222/1019] | 在馆 | |
| 3 | 0968100 | 209681003 | 第二借阅区/ [索取号:I207.222/1019] | 在馆 | |
| 4 | 0968101 | 209681012 | 密集书库-文学院/ [索取号:I207.222/1019] | 在馆 | |
| 5 | 0968102 | 209681021 | 第二借阅区/ [索取号:I207.222/1019] | 在馆 |